000 00618nam a2200205 a 4500
001 000009553
005 20240412074212.0
008 090930s1998 dr 000 p spa d
020 _a9768175028
040 _aDO-SdBNP
_bspa
_cBNPHU
082 _aRD861.44
_bM181va
100 1 _aMadera, Teonilda
_924387
245 1 0 _aVan llegando los recuerdos :
_b(poemas) /
_cTeonilda Madera.
260 _aSanto Domingo :
_bCocolo,
_c1998.
300 _a93 p. ;
_c21 cm.
590 _aInventariado, 2018/LP
650 0 _aPoesía dominicana
_966
650 0 _aLiteratura dominicana.
_967
910 _aValidado. Control de calidad MFF
999 _c9313
_d9313